| 000 | 00476 a2200145 4500 | ||
|---|---|---|---|
| 001 | ART_42345 | ||
| 005 | 20260410161827.0 | ||
| 008 | 260409a | ||
| 245 | 1 | 0 | _aAnálisis comparativo de las normas para la presentación de estados contables en Argentina |
| 100 | 1 | _aRondi, Gustavo R. | |
| 700 | 1 | _aCasal, María del Carmen | |
| 700 | 1 | _aGalante, Marcelo J. | |
| 700 | 1 | _aGómez, Melisa | |
| 773 | 0 |
_tFACES _g- Año 21, Nº 44 (ene./jun. 2015) _wREV5046 |
|
| 999 |
_c22868 _d22868 |
||